000 00439nam a2200181Ia 4500
001 16638
005 20260306170324.0
008 260306t2006||||xx |||||||||||||| ||und||
041 _aESP
082 _a348.8
_bU24
100 _aUgarte Del Pino, Juan Vicente
_eAUT
245 0 _aJuan de Ovando y la recopilación de Leyes de Indias
260 _c2006
300 _a
_c
650 _aGEN
654 _aCDE
942 _cLIB
_dJUS
_fJUS
_2ddc
_n
999 _c16638
_d16638